000 00314nam a2200121Ia 4500
005 20260328101456.0
008 260328s9999||||xx |||||||||||||| ||und||
100 _aHoelscher, R.P.
245 0 _aEngineering Drawing and geometry /
_cR.P. Hoelscher
260 _bJohn Wiley & Sons
650 _aGEOMETRÍA
942 _cBK
999 _c8828
_d8828